Loading...
| Auditory Arts | 6 | 13.33 | 100% | 33% | 0% |
| Beliefs | 8 | 12.50 | 75% | 38% | 13% |
| Current Events | 4 | 17.50 | 100% | 50% | 25% |
| Fine Arts - Other Arts | 4 | 17.50 | 100% | 75% | 0% |
| Geography | 1 | 10.00 | 100% | 0% | 0% |
| History - American | 5 | 16.00 | 100% | 40% | 20% |
| History - Ancient | 2 | 10.00 | 100% | 0% | 0% |
| History - European | 4 | 15.00 | 100% | 50% | 0% |
| History - World | 6 | 11.67 | 100% | 17% | 0% |
| Literature - American | 3 | 20.00 | 100% | 67% | 33% |
| Literature - British | 5 | 24.00 | 100% | 100% | 40% |
| Literature - European | 2 | 20.00 | 100% | 50% | 50% |
| Literature - World | 8 | 21.25 | 100% | 75% | 38% |
| Philosophy | 7 | 7.14 | 43% | 29% | 0% |
| Science - Biology | 4 | 12.50 | 100% | 25% | 0% |
| Science - Chemistry | 5 | 14.00 | 100% | 20% | 20% |
| Science - Other | 4 | 12.50 | 75% | 25% | 25% |
| Science - Physics | 4 | 15.00 | 100% | 50% | 0% |
| Social Science | 5 | 18.00 | 80% | 100% | 0% |
| Visual Arts | 4 | 15.00 | 100% | 50% | 0% |